000 00658nam a2200253 i 4500
001 C2-0120040
003 PPAK
005 20180727112323.0
008 970803s1989 my a|||| ||||| | may d
020 _a9836206868
040 _aPPAK
_beng
_cPPAK
_erda
082 0 4 _a574
_223
090 0 0 _a574
_bMOH
_dG
090 0 0 _a574
_bMOH
_dKIH
100 0 _aMohamed Salleh,
_eauthor
245 1 0 _aKonsep asas biologi
264 1 _aKuala Lumpur :
_bDewan Bahasa dan Pustaka ,
_c1989
300 _billustrations ;
_c21 cm
336 _2rdacontent
_atext
337 _2rdamedia
_aunmediated
338 _2rdacarrier
_avolume
650 1 0 _aBiology
942 _ddc
_cB
999 _c33513
_d33513